[Event "Warren Bottom-Half U1900 op"]
[Site "Warren"]
[Date "2003.06.22"]
[Round "4"]
[White "Dupuis, Erik"]
[Black "Ho, Randy"]
[Result "1-0"]
[WhiteElo "1822"]
[BlackElo "1892"]
[PlyCount "77"]
[EventDate "2003.06.21"]
[EventType "swiss"]
[EventRounds "5"]
[EventCountry "USA"]
[SourceTitle "EXT 2008"]
[Source "ChessBase"]
[SourceDate "2007.11.25"]
[SourceVersion "1"]
[SourceVersionDate "2007.11.25"]
[SourceQuality "1"]

1. e4 d5 2. exd5 Nf6 3. Nc3 Nxd5 4. Bc4 c6 5. Qf3 e6 6. Nge2 Nd7 7. Qg3 N7f6 8. d3 h6 9. Ne4 g6 10. c3 Nxe4 11. dxe4 Nf6 12. Be3 Nxe4 13. Qe5 Nf6 14. Rd1 Bd7 15. Nf4 Be7 16. Bxe6 fxe6 17. Nxe6 Qb8 18. Nc7+ Kf7 19. Bf4 Nd5 20. Rxd5 cxd5 21. Qxd5+ Kf8 22. Qxd7 Qc8 23. Qd4 Kf7 24. Qd5+ Kg7 25. Nxa8 Rd8 26. Be5+ Bf6 27. Bxf6+ Kxf6 28. Qf3+ Kg7 29. 0-0 Qxa8 30. Re1 Rd7 31. Re6 Rf7 32. Qe4 Qd8 33. Qxg6+ Kf8 34. Qxh6+ Rg7 35. Qh8+ Rg8 36. Qf6+ Qxf6 37. Rxf6+ Ke7 38. Rh6 Rd8 39. g3 1-0

[Event "Montreal op"]
[Site "Montreal"]
[Date "1988.09.04"]
[Round "4"]
[White "Dupuis, Erik"]
[Black "Charest, Johanne"]
[Result "0-1"]
[WhiteElo "1244"]
[BlackElo "1355"]
[PlyCount "128"]
[EventDate "1988.09.03"]
[EventType "swiss"]
[EventRounds "6"]
[EventCountry "CAN"]
[SourceTitle "EXT 2022"]
[Source "ChessBase"]
[SourceDate "2021.10.06"]
[SourceVersion "1"]
[SourceVersionDate "2021.10.06"]
[SourceQuality "1"]

1. e4 e5 2. Nf3 Nc6 3. c4 Nf6 4. Nc3 Bc5 5. h3 d6 6. g3 h6 7. Bg2 Be6 8. d3 Qd7 9. b3 a6 10. Bb2 Bb4 11. Qe2 Nd4 12. Qd2 Nxf3+ 13. Bxf3 Bxh3 14. 0-0-0 Be6 15. Qe2 b5 16. Kb1 bxc4 17. dxc4 a5 18. Nd5 Bxd5 19. exd5 a4 20. Bg2 axb3 21. axb3 Qc8 22. Kc2 Ra2 23. Ra1 Qf5+ 24. Kc1 Rxa1+ 25. Bxa1 Ke7 26. f4 Ra8 27. Bb2 Ra2 28. Bh3 Qe4 29. Qxe4 Nxe4 30. Bf5 Nf2 31. Rh2 Bc5 32. Bb1 Ra8 33. fxe5 Ng4 34. Re2 dxe5 35. Bxe5 Nxe5 36. Rxe5+ Kd6 37. Rh5 Re8 38. Rh3 Re1+ 39. Kc2 Re2+ 40. Kd3 Re3+ 41. Kc2 Bb4 42. Ba2 Be1 43. Rh1 Bxg3 44. Kb2 Be5+ 45. Ka3 Bc3 46. Rd1 Re8 47. b4 Rb8 48. Rb1 g5 49. c5+ Kd7 50. b5 Bd4 51. Kb4 h5 52. Rf1 f6 53. Bb1 Re8 54. Bf5+ Kd8 55. Be6 g4 56. Rh1 g3 57. Bh3 Rg8 58. Bg2 Rg5 59. Kc4 Bf2 60. Rh4 Be3 61. c6 Ke7 62. Kd3 Bf2 63. Ke2 Re5+ 64. Kf1 Re1# 0-1